000 00864cam a22002651 4500
999 _c41630
_d41630
001 8837265
003 OSt
005 20221029133815.0
008 751110s1950 mauac b 000 0 eng
010 _a 51009356
020 _a8121100437
035 _a(OCoLC)1822550
040 _aDLC
_cFMU
_dOCoLC
_dDLC
050 0 0 _aQK665
_b.J6
082 _a581.3
_bJOH/P
100 1 _aJohansen, Donald Alexander,
_d1901-
_99184
245 0 0 _aPlant embryology;
_bembryogeny of the spermatophyta.
260 _aWaltham, Mass.,
_bChronica Botanica Co.
_c[1950]
300 _axvi, 305 p.
_billus., ports.
_c28 cm.
440 2 _aA New series of plant science books,
_vv. 24
504 _aIncludes bibliographies.
650 0 _aPlant embryology.
906 _a7
_bcbc
_coclcrpl
_du
_encip
_f19
_gy-gencatlg
942 _2ddc
_cBK
_h581.3
_iJOH/P
_k581.3
_mJOH/P